Statistiques concernant Les adversaires de Batman au cinéma

Cliquez ici pour prendre le quiz!

Statistiques générales

  • Ce quiz a été pris 965 fois
  • Le résultat moyen est 8 sur 16

Statistiques - réponses

Réponse% Correct
Le Joker
100%
Bane
85%
Le Pingouin
84%
Harvey Dent/Double-Face
75%
Superman
66%
L'Homme Mystère
61%
Mister Freeze
61%
L'Epouvantail
60%
Poison Ivy
55%
Ra's Al Ghul
54%
Doomsday
30%
Talia Al Ghul/Miranda Tate
23%
Steppenwolf
21%
Carmine Falcone
20%
Salvatore Maroni
13%
Max Schrek
6%

Distribution des résultats

Percentile par nombre de réponses

% des personnes avec chaque résultat

Votre développement - résultats

Vous n’avez pas pris ce quiz